| 000 | 00473nam a2200205Ia 4500 | ||
|---|---|---|---|
| 008 | 210210b1952 xxu||||| |||| 00| 0 eng d | ||
| 041 | _aeng | ||
| 082 | _a580/136 | ||
| 100 | _aHILL (Overholts) | ||
| 245 | _aBotany: text book for colleges | ||
| 260 |
_aNew York _bMcGraw-Hill Book Company Inc. _c1952 |
||
| 650 | _atext | ||
| 650 | _afor | ||
| 650 | _acolleges | ||
| 650 | _aBotany: | ||
| 650 | _abook | ||
| 690 | _aBotany | ||
| 700 | _aPOPP | ||
| 906 | _a010397 | ||
| 999 |
_c138165 _d138165 |
||